Estadísticas para la equidad de género: magnitudes y tendencias en América Latina /
El libro tiene como objetivo medir las magnitudes de la desigualdad de género y fomentar el mejoramiento y producción de estadísticas de género en América Latina y el Caribe, lo que a su vez tiene la finalidad de proporcionar una herramienta para la adopción progresiva de políticas y programas más e...
Na minha lista:
| Autor principal: | |
|---|---|
| Formato: | Desconhecido |
| Idioma: | Spanish |
| Publicado em: |
Chile :
CEPAL
|
| coleção: | Cuadernos de la CEPAL
n° 92 |
| Assuntos: | |
| Tags: |
Adicionar Tag
Sem tags, seja o primeiro a adicionar uma tag!
|
MARC
| LEADER | 00000 a2200000 04500 | ||
|---|---|---|---|
| 001 | 48142 | ||
| 003 | cru CIDCACS/IIS | ||
| 005 | 20221121091838.0 | ||
| 008 | 050629s2007 cl spa d | ||
| 040 | |c cru CIDCACS/IIS | ||
| 090 | |a RE 05.01.02 M662e | ||
| 100 | |a Milasavljevic, Vivian | ||
| 245 | |a Estadísticas para la equidad de género: |b magnitudes y tendencias en América Latina / |c Vivian Milosavljevic | ||
| 260 | |a Chile : |b CEPAL | ||
| 300 | |a 186 páginas : |b tablas, gráficos | ||
| 440 | |a Cuadernos de la CEPAL |v n° 92 | ||
| 505 | |a 1 Disco compacto | ||
| 520 | |a El libro tiene como objetivo medir las magnitudes de la desigualdad de género y fomentar el mejoramiento y producción de estadísticas de género en América Latina y el Caribe, lo que a su vez tiene la finalidad de proporcionar una herramienta para la adopción progresiva de políticas y programas más equitativos. Se brinda un amplio panorama de cifras relativas a la situación demográfica, familiar, niveles educativos, trabajo (no) remunerado, salud y participación política de las mujeres. Se dedica especial atención a la pobreza y a los sesgos de género teóricos y metodológicos que subyacen tras su medición, se destaca la necesidad de demostrar empíricamente fenómenos como la falta de autonomía económica y la mayor vulnerabilidad a la pobreza. La información proviene de una recopilación y sistematización de datos de diversas fuentes, estimaciones y proyecciones de organismos internacionales y de encuestas de hogares proporcionadas por los sistemas estadísticos de los países de América Latina. Se da primordial importancia a los indicadores que posibilitan la comparación internacional y que mantienen la necesaria periodicidad para monitorear el grado de avance hacia la igualdad de género. El análisis de los datos deja en evidencia los principales problemas y desventajas que enfrentan las mujeres. Se examinan también aspectos metodológicos relacionados con la producción de estadísticas desde una perspectiva de género y se identifican los vacíos de información relevantes. KDV/110517 | ||
| 650 | 1 | 0 | |9 3315 |a PROGRAMAS GUBERNAMENTALES |
| 650 | 1 | 0 | |9 77 |a DESIGUALDAD SOCIAL |
| 650 | 0 | |9 4608 |a SALUD DE LAS MUJERES | |
| 650 | 1 | 0 | |a TRABAJO |9 27 |
| 650 | 1 | 0 | |9 113 |a PARTICIPACION DE LA MUJER |
| 650 | 0 | |9 3741 |a ORGANIZACIONES INTERNACIONALES | |
| 650 | 1 | 0 | |9 1661 |a TENDENCIAS |
| 650 | 1 | 0 | |a POLITICA SOCIAL |9 289 |
| 650 | 1 | 0 | |9 2965 |a ASPECTOS DEMOGRAFICOS |
| 650 | 4 | |9 2644 |a INDEPENDENCIA | |
| 650 | 0 | |9 4610 |a VULNERABILIDAD SOCIAL | |
| 650 | 0 | |9 4611 |a IGUALDAD DE GENERO | |
| 650 | 1 | 0 | |9 124 |a DATOS ESTADISTICOS |
| 650 | 1 | 0 | |9 634 |a ASPECTOS EDUCATIVOS |
| 650 | 1 | 0 | |9 284 |a POBREZA |
| 650 | 4 | |9 4375 |a ENCUESTAS DE HOGARES | |
| 650 | 1 | 0 | |9 964 |a GENERO |
| 651 | 0 | |9 4609 |a CARIBE | |
| 651 | 1 | 0 | |9 17 |a AMERICA LATINA |
| 942 | |2 ddc |c RE | ||
| 999 | |c 44651 |d 44651 | ||
